Education, productivity, and inequality : the East African natural experiment /

Bibliographic Details
Main Author: Knight, John B.
Other Authors: Sabot, R. H.
Format: Book
Language:English
Published: Oxford ; New York : Published for the World Bank, Oxford University Press, [1990]
Series:World Bank research publication.
Subjects:

MARC

Tag First Indicator Second Indicator Subfields
LEADER 00000cam a2200000 a 4500
001 in00000990449
005 20150927154404.0
008 900104s1990 enka b 00110 eng
010 |a  90030198  
020 |a 0195208048 :  |c $39.95 
035 |a (OCoLC)20997176 
035 |9 AEY1507AM 
040 |a DLC  |c DLC  |d UtOrBLW 
043 |a f-ke---  |a f-tz--- 
049 |a TXAM 
050 0 0 |a LC67.K4  |b K58 1990 
082 0 0 |a 338.4/737/09678  |2 20 
100 1 |a Knight, John B. 
245 1 0 |a Education, productivity, and inequality :  |b the East African natural experiment /  |c John B. Knight, Richard H. Sabot. 
264 1 |a Oxford ;  |a New York :  |b Published for the World Bank, Oxford University Press,  |c [1990] 
264 4 |c ©1990 
300 |a xv, 445 pages :  |b illustrations ;  |c 25 cm. 
336 |a text  |b txt  |2 rdacontent 
337 |a unmediated  |b n  |2 rdamedia 
338 |a volume  |b nc  |2 rdacarrier 
490 1 |a A World Bank research publication 
504 |a Includes bibliographical references (pages 427-436) and index. 
650 0 |a Education, Secondary  |x Economic aspects  |z Kenya. 
650 0 |a Education, Secondary  |x Economic aspects  |z Tanzania. 
650 0 |a Economic development  |x Effect of education on. 
650 0 |a Labor productivity  |z Kenya. 
650 0 |a Labor productivity  |z Tanzania. 
700 1 |a Sabot, R. H. 
830 0 |a World Bank research publication. 
999 |a MARS 
999 f f |s 5c600fba-0450-335d-9f30-d877a8b6a434  |i cf5d24e3-d37e-398a-855e-c1791520dda6  |t 0 
952 f f |p normal  |a Texas A&M University  |b College Station  |c Sterling C. Evans Library  |d Evans: Library Stacks  |t 0  |e LC67.K4 K58 1990  |h Library of Congress classification  |i unmediated -- volume  |m A14813799699 
998 f f |a LC67.K4 K58 1990  |t 0  |l Evans: Library Stacks